000 00569nam a2200181Ia 4500
005 20250923144653.0
008 008 250917s9999 xx 000 0 eng d
037 _aTextual
040 _aDSWL
_beng
_cDSWL
041 _aeng
_2eng
084 _aX:99C.251,e4,D'N58t4, N59
_qDSWL
100 _aMann, Surinder Singh
_9827206
245 0 _aIndia - A REF annal
_cby Surinder Mann
260 _aDelhi
_b Delhi School of Social Work
_c1959
300 _aix,117p.
942 _cTEXL
_hX:99C.251,e4,D'N58t4, N59
999 _c1441851
_d1441851